| 000 | 00561nam a22001817a 4500 | ||
|---|---|---|---|
| 003 | CEME | ||
| 005 | 20210628202558.0 | ||
| 008 | 210209b xxu||||| |||| 00| 0 eng d | ||
| 020 | _a0-521-62383-9 | ||
| 040 | _c. | ||
| 082 | _a621.811 MAR | ||
| 100 |
_aMarghitu, Dan.B Crocker, Malcolm.J _960572 |
||
| 245 | _aAnalytical elements of mechanisms | ||
| 260 |
_aUK _bCAMBRIDGE UNIVERSITY PRESS _c2001 |
||
| 300 | _aX,276P | ||
| 650 |
_aELEMENTS OF MECHANISMS; MACHINERY, KINEMATICS OF; MACHINERY, DAYNAMICS O; MECHANICAL MOVEMENTS _960573 |
||
| 942 |
_cBK _2ddc |
||
| 999 |
_c570269 _d570269 |
||